| 000 | 00548nam a2200193Ia 4500 | ||
|---|---|---|---|
| 005 | 20250508154525.0 | ||
| 008 | 008 250505s9999 xx 000 0 eng d | ||
| 037 | _aTextual | ||
| 040 |
_aFEDL _beng _cFEDL |
||
| 041 |
_aeng _2eng |
||
| 084 |
_a500, DAV _qFEDL |
||
| 100 |
_aDavid Ira C...(et.al). _9765576 |
||
| 245 | 0 | _aScience 3: Discovery and progress | |
| 260 |
_aNew York, USA _bHolt, Rinehart and Winston _c1965 |
||
| 300 | _a504p | ||
| 546 | _aTeacher's edition | ||
| 942 |
_cTEXL _h500, DAV |
||
| 999 |
_c1350763 _d1350763 |
||